Three symmetric positive solutions of fourth-order nonlocal boundary value problems

Elmentve itt :
Bibliográfiai részletek
Szerző: Xu Fuyi
Dokumentumtípus: Folyóirat
Megjelent: 2011
Sorozat:Electronic journal of qualitative theory of differential equations
Kulcsszavak:Negyedrendű nemlokális határérték probléma, Szimmetrikus pozitív megoldások, Green-függvény
Online Access:http://acta.bibl.u-szeged.hu/42398
LEADER 00746nas a2200181 i 4500
001 acta42398
005 20260224081030.0
008 170601s2011 hu o 000 eng d
022 |a 1417-3875 
040 |a SZTE Egyetemi Kiadványok Repozitórium  |b hun 
041 |a eng 
100 1 |a Xu Fuyi 
245 1 0 |a Three symmetric positive solutions of fourth-order nonlocal boundary value problems  |h [elektronikus dokumentum] /  |c  Xu Fuyi 
260 |c 2011 
300 |a 1-11 
490 0 |a Electronic journal of qualitative theory of differential equations 
695 |a Negyedrendű nemlokális határérték probléma, Szimmetrikus pozitív megoldások, Green-függvény 
856 4 0 |u http://acta.bibl.u-szeged.hu/42398/1/ejqtde_2011_096_001-011.pdf  |z Dokumentum-elérés